Participation of Czech economy in the project of European Monetary Union (EMU) from the viewpoint of the theory of optimum currency areas

Uložené v:
Podrobná bibliografia
Hlavný autor: Bednářová, Pavla
Médium: Kapitola
Jazyk:English
Predmet:
Tagy: Pridať tag
Žiadne tagy, Buďte prvý, kto otaguje tento záznam!

MARC

LEADER 00000naa$a2200000$$$4500
001 0028721
005 20231004104212.4
041 0 |a eng 
044 |a CZ 
245 1 0 |a Participation of Czech economy in the project of European Monetary Union (EMU) from the viewpoint of the theory of optimum currency areas  |c Pavla Bednářová 
610 2 0 |a teória zón menových optimálnych 
610 2 0 |a integrácia menová 
610 2 0 |a únie menové 
610 2 0 |a obchod medzinárodný 
610 2 0 |a Česko 
610 2 0 |a Európska menová únia 
100 1 |a Bednářová, Pavla